Microprediction: Building an Open AI Network

সংরক্ষণ করুন:
গ্রন্থ-পঞ্জীর বিবরন
প্রধান লেখক: Cotton
বিন্যাস: গ্রন্থ
প্রকাশিত: MIT Press
ট্যাগগুলো: ট্যাগ যুক্ত করুন
কোনো ট্যাগ নেই, প্রথমজন হিসাবে ট্যাগ করুন!

MARC

LEADER 00000nam a2200000Ia 4500
005 20260513122052.0
020 |a 9780262047326 
100 |a Cotton 
365
365 |b 25.00 
942 |c BK 
245 |a Microprediction: Building an Open AI Network 
260 |b MIT Press 
999 |c 79  |d 79 
952 |0 0  |1 0  |4 0  |7 0  |a UNSW  |b UNSW  |d 2026-05-08  |g 24.95  |i 16697  |l 0  |p 000151  |r 2026-05-13 12:20:52  |v 24.95  |w 2026-05-13  |y BK